| 000 | 01001nam a2200289 i 4500 | ||
|---|---|---|---|
| 001 | bg | ||
| 100 | 1 |
_aJankowski, Robert _d(1968- ). |
|
| 245 | 1 | 0 |
_aNon-linear analysis of pounding-involved response of equal height buildings under earthquake excitation / _cRobert Jankowski ; Gdansk University of Technology. |
| 260 |
_aGdańsk : _bWydawnictwo Politechniki Gdańskiej, _c2007. |
||
| 300 |
_a139, [1] s. : _bil. ; _c24 cm. |
||
| 490 | 1 |
_aMonografie / Politechnika Gdańska ; _v79 |
|
| 504 | _aBibliogr. s. 128-136. | ||
| 546 | _aStreszcz. pol. | ||
| 650 | 9 |
_aBudownictwo _xmechanika _xmodele matematyczne |
|
| 650 | 9 |
_aTrzęsienie ziemi _xa budownictwo |
|
| 830 | 0 |
_aMonografie - Politechnika Gdańska _v79 |
|
| 015 | _aPB 6433/2007 | ||
| 020 | _a9788373481763 | ||
| 040 | _cBPK | ||
| 041 | 0 |
_aeng _bpol |
|
| 044 | _aPOL | ||
| 080 | _a624.01/.07:550.34:519.86 | ||
| 920 | _a978-83-7348-176-3 | ||
| 942 | _cKS | ||
| 008 | 080313s2007 pl a |000 0 eng | ||
| 999 |
_c54231 _d54231 |
||
| 856 |
_uhttp://koha.tu.koszalin.pl/cgi-bin/koha/opac-detail.pl?biblionumber=54231 _yKatalog online BPK |
||